000 01844cam a2200385 4500500
005 20260111084356.0
041 _afre
042 _adc
100 1 0 _aCorti, Luca
_eauthor
245 0 0 _aHegel au prisme du post-sellarsianisme
260 _c2025.
500 _a59
520 _aCet article retrace la genèse de la Hegel-Renaissance anglo-américaine en montrant comment un nouveau vocabulaire philosophique, issu du post-sellarsianisme, a rendu Hegel à nouveau intelligible. Il analyse la formation d’un noyau conceptuel commun centré sur la normativité, ainsi que les tensions théoriques et herméneutiques qu’il génère, notamment le rapport entre nature et norme.
520 _aThis article reconstructs the origins of the Anglo-American Hegel renaissance, showing how a post-Sellarsian conceptual vocabulary rendered Hegel newly intelligible. It identifies the shared normative core of these interpretations and analyzes the theoretical tensions they produce, especially the dualism between nature and norm, as well as the hermeneutic selectivity that characterizes this paradigm.
690 _aespace des raisons
690 _aHegel
690 _aJohn McDowell
690 _anormativité
690 _aphilosophie analytique
690 _apost-sellarsianisme
690 _aRobert Brandom
690 _aRobert Pippin
690 _aSellars
690 _aanalytic philosophy
690 _aHegel
690 _aJohn McDowell
690 _anormativity
690 _apost-Sellarsianism
690 _aRobert Brandom
690 _aRobert Pippin
690 _aSellars
690 _aspace of reasons
786 0 _nArchives de philosophie | 89 | 1 | 2025-12-30 | p. I-XIX | 0003-9632
856 4 1 _uhttps://shs.cairn.info/revue-archives-de-philosophie-2026-1-page-I?lang=fr&redirect-ssocas=7080
999 _c1617514
_d1617514